| 000 | 01374nam a2200337 i 4500 | ||
|---|---|---|---|
| 003 | EG-GICUC | ||
| 005 | 20260430100955.0 | ||
| 008 | 260430s1932 ua abodfr|||| 000 0 fre d | ||
| 040 |
_a EG-GICUC _bfre _c EG-GICUC _d EG-GICUC _erda |
||
| 041 | 0 | _aARABIC | |
| 082 | 0 | 4 |
_221 _a342٫8 _bم ح . ت |
| 092 | 0 | 4 | _221 |
| 099 | _aLaw1 07 342٫8 1 ed - م ح . ت 1932 | ||
| 100 | 0 |
_a رفعت، محمد, _eAuthor. |
|
| 245 |
_a تاريخ مصر السياسي في الأزمنة الحديثة. _nالجزء الأول , _p سنة 1798 - 1849 م / _cتأليف محمد رفعت. |
||
| 250 | _aالطبعة الرابعة . | ||
| 264 |
_aمصر : _b المطبعة الرحمانية، _c1932. |
||
| 300 |
_a284صفحة _bإيضاحيات، صور، مثيليات ؛ _c24 سم |
||
| 336 |
_2rda content _atext |
||
| 337 |
_2rda media _aComputer |
||
| 338 |
_2rda carrier _aOnline Resource |
||
| 500 | _aيشتمل على جزئيين الجزء الأول (طابعة رابعة) والجزء الثانى (الطابعة الأولى) | ||
| 504 | _aيشتمل على إرجاعات ببليوجرافية. | ||
| 546 | _aالنص باللغة العربية | ||
| 600 | 1 | 4 | _aالقانون الإداري. |
| 650 | 1 | _2qrmak | |
| 651 | 1 | _2qrmak | |
| 856 | 4 | 0 | _uhttps://fll.law.cu.edu.eg/fulltext/bks/B07-02956.pdf |
| 905 | _a171 | ||
| 942 |
_2ddc _cBK _e21 _n0 |
||
| 999 |
_c74425 _d74425 |
||